000 01252nam a2200385Ia 4500
001 dia_5977
003 CHAP
005 20230829134419.0
008 220117s2004 xx 000 0 und d
010 _a177142
020 _a970-37-0170-1
040 _cCHAP
082 _a808.83308762 T65 S46 2004
100 _aTolkien, J. R. R.
_9160305
245 _aEl señor de los anillos /
_c J. R. R. Tolkien ; traducción Matilde Horne y Luis Domènech
260 _aMéxico :
_b Planeta Mexicana,
_c2004
300 _a3 v.
440 _aMinotauro
_9160306
500 _aTítulo original: The lord of the rings
503 _aC.
505 _av.La comunidad del anillo \ v. 2. Las dos torres \ v.3. El retorno del rey
590 _aPR6039.O32 S46 2004
650 _aEnglish literature
_x20th century
_9152750
650 _aFantasia
_9160307
650 _aFantasy
_9160308
650 _aFiction
_9152751
650 _aLiteratura inglesa
_xSiglo XX
_9152752
650 _aNovela
_982011
700 _aDomènech, Luis, tr.
_9160309
700 _aHorne, Matilde, tr.
_9160310
901 _a808.83308762 T65 S46 2004
902 _aA
905 _a5232272004 mx abn 8222223332spa16
942 _cLIBRO
_2ddc
999 _c177142
_d177142